00473nam a2200169 a 4500008004100000020001500041050001400056100002800070245003900098246002600137260004900163300002200212350000900234500001800243650001400261650002800275120416s1998 ||||||||||||||||| || u a0521586380 aHD 87 Aco aAcocella, Nicola, 1939-14aThe foundations of economic policy avalues and techniques aCambridgebCambridge University Pressc1998. axx, 519 p. : ill. a0.00 aBibliography. 0aECONOMICS aECONOMIC POLICY--AFRICA